Daňové stimuly uplatňované v Lotyšsku a v SR

Daňové stimuly ako podstatná a neoddeliteľná časť daňovej politiky každého štátu. Uplatňovanie daňových stimulov v Lotyšsku a na Slovensku.

Guardado en:
Detalles Bibliográficos
Autor principal: Ďurinová, Ivona, 1964-
Formato: Capítulo de libro
Lenguaje:eslovaco
Materias:
Etiquetas: Agregar Etiqueta
Sin Etiquetas, Sea el primero en etiquetar este registro!

MARC

LEADER 00000nla a2200000 4500
001 0192419
005 20240502073229.1
041 0 |a slo 
044 |a SK 
245 1 0 |a Daňové stimuly uplatňované v Lotyšsku a v SR  |c Ivona Ďurinová 
520 |a Daňové stimuly ako podstatná a neoddeliteľná časť daňovej politiky každého štátu. Uplatňovanie daňových stimulov v Lotyšsku a na Slovensku. 
610 2 0 |a dane priame 
610 2 0 |a stimuly ekonomické 
610 2 0 |a projekty investičné 
610 2 0 |a úľavy daňové 
610 2 0 |a podnikanie 
610 2 0 |a harmonizácia 
610 2 0 |a Lotyšsko 
610 2 0 |a Slovensko 
100 1 |a Ďurinová, Ivona, 1964-